|
|
|
|
| LEADER |
00000cam a2200000 7i4500 |
| 001 |
0000001916 |
| 005 |
20020424.0 |
| 020 |
0 |
0 |
|a 9678911108
|
| 090 |
0 |
0 |
|a R343.595056
|b MAL 2001
|
| 110 |
1 |
0 |
|a MALAYSIA
|
| 245 |
1 |
0 |
|a Malaysian customs tariff (harmonized system) on import/export duty, ASEAN exemption, common effective preferential tariff (CEPT), sales tax, import/export licence (IL/EL) & orders :
|b (incorporating 2001 budget as at 1st November 2000)
|c compiled by Legal Research Board
|
| 260 |
0 |
0 |
|a Kuala Lumpur :
|b International Law Book Services ,
|c 2001
|
| 300 |
|
|
|a xxxiii, 800 p. ;
|c 22 x 39 cm.
|
| 650 |
0 |
0 |
|a Export trade regulations
|z Malaysia
|
| 650 |
0 |
0 |
|a Tariff
|x Law and legislation
|z Malaysia
|
| 650 |
0 |
0 |
|a Tariff
|z Malaysia
|x Terminology and classification
|
| 998 |
|
|
|a JPSM
|
| 999 |
|
|
|a 0000003035
|b Monograph
|c Reference
|e Default branch
|